000 00702cam a22001694a 4500
005 20250605164402.0
008 250528s ||||||||||||||||||||||||d
035 _a24661
040 _aGR-AtMCL
_bgre
_dGR-AtMCL
_eAACR2
245 1 _aARAF / Μπες στο Νόημα
260 _bMorax Media S.A,
_c2022
520 _aΑσφάλιση του Metaverse, Ασφαλιστική Αγορά: Τι θα Φέρει το 2022, Κλιματικοί Κίνδυνοι και Χρηματοοικονομική, Εξωστρέφεια με Νόημα και Στρατηγική.
700 1 _aΜωράκης Φίλιππος
_99500
942 _cCR
999 _c9528
_d9528